Statystyki dla Jednostki układu SI

Kliknij tutaj aby rozwiązać quiz!

Ogólne statystyki

  • Ten quiz został rozwiązany 462 razy
  • Średni wynik to 21 z 30

Statystyki odpowiedzi

WielkośćJednostkaSymbol% Poprawnych
Natężenie pola magnetycznegoamper na metrA/m
100%
Długośćmetrm
100%
Natężenie pola elektrycznegowolt na metrV/m
100%
Masakilogramkg
98%
Czassekundas
98%
Natężenie
prądu elektrycznego
amperA
95%
TemperaturakelwinK
89%
MocwatW
86%
CiśnieniepaskalPa
85%
Gęstośćkilogram na metr sześciennykg/m^3
83%
Ilość materiimolmol
83%
Napięcie elektrycznewoltV
83%
Ciężar właściwyniuton na metr sześciennyN/m^3
82%
Objętośćmetr sześciennym^3
81%
SiłaniutonN
81%
Energia, ciepło, pracadżulJ
80%
Pole powierzchnimetr kwadratowym^2
80%
Prędkośćmetr na sekundęm/s
80%
CzęstotliwośćhercHz
78%
Opór elektrycznyomohm
71%
Przyspieszeniemetr na sekundę do kwadratum/s^2
53%
Kąt płaskiradianrad
51%
Ładunek elektrycznykulombC
46%
Pojemność elektrycznafaradF
35%
Światłośćkandelacd
35%
Indukcja magnetycznateslaT
30%
Strumień indukcji magnetycznejweberWb
20%
Aktywność promieniotwórczabekerelBq
17%
Kąt bryłowysteradiansr
17%
IndukcyjnośćhenrH
14%

Rozkład punktacji

Percentyl według liczby udzielonych odpowiedzi

Procent ludzi z każdym wynikiem

Twoja historia wyników

Nie rozwiązałeś tego quizu